000 01066nam a22003255a 4500
001 17509958
003 OSt
005 20260429170141.0
008 121026s2013 nyu 000 0 eng
010 _a 2012952761
020 _a9780822353683
035 _a17509958
040 _aDLC
_cFoundation University
042 _apcc
050 _a N 7355
_b.2012 F76
245 0 0 _aFrom postwar to postmodern :
_bart in Japan, 1945-1989 /
_c[edited by] Doryun Chong, Michio Hayashi, Fumihiko Sumitomo.
250 _a1st ed.
260 _aNew York, NY :
_bMuseum of Modern Art,
_c2012.
263 _a1301
264 _42012
300 _a440 p.:
_3books
_bcol. ill.
_c12 cm
_fbooks
336 _atext
_btxt
_2rdacontent
_3books
337 _aunmediated
_bn
_2rdamedia
_3books
338 _avolume
_bnc
_2rdacarrier
_3books
490 0 _aPrimary documents
906 _a0
_bibc
_corignew
_d2
_eepcn
_f20
_gy-gencatlg
942 _2lcc
_cBK
_hN 7355
_i.2012 F76
_k(DAFA-FA)
999 _c5825
_d5825